Helsingin metroasemat - Statistics

Yleistilastot
  • Tätä visaa on pelattu 149 kertaa
    107 viimeisimmän päivityksen jälkeen
  • Keskiarvotulos 23 / 30
Vastaustilastot
Asema % Oikein
Kamppi
99%
Helsingin yliopisto
94%
Itäkeskus
91%
Kalasatama
91%
Sörnäinen
91%
Vuosaari
90%
Aalto-yliopisto
88%
Siilitie
86%
Lauttasaari
85%
Mellunmäki
85%
Rautatientori
85%
Ruoholahti
85%
Hakaniemi
84%
Tapiola
84%
Herttoniemi
81%
Matinkylä
81%
Kontula
80%
Kivenlahti
78%
Kulosaari
78%
Urheilupuisto
75%
Puotila
73%
Keilaniemi
65%
Myllypuro
64%
Niittykumpu
64%
Finnoo
63%
Koivusaari
61%
Rastila
61%
Soukka
61%
Espoonlahti
59%
Kaitaa
55%
Ehtoja vastaavia visoja ei löytynyt
Tulosjakauma
Jokaisen tuloksen saaneiden osuus
Persentiili vastausten määrän mukaan
Tuloshistoriasi
Et ole pelannut tätä visaa sen viimeisimmän päivityksen jälkeen